000 00469nam a2200181Ia 4500
008 090123s9999 xx 000 0 und d
082 _b2140
100 _aदेसाई रणजित
245 _aमोहर
250 _a1
260 _bनेवाळकर ग.बा.
300 _a279
600 _aदेसाई रणजित
630 _aमोहर
700 _aदेसाई रणजित
730 _aमोहर
942 _cBOOK
999 _c40224
_d40224